| 000 | 01283nam0a2200325 4500 | ||
|---|---|---|---|
| 001 | RU\NLR\BIBL_A\022499438 | ||
| 005 | 20250804113544.0 | ||
| 010 |
_a978-5-4442-0199-2 _9500 |
||
| 021 |
_aRU _bКН-П-25-003816 _9КН-П-25-0367 |
||
| 035 | _a(NLR Aleph) 022499438 | ||
| 090 |
_a13460939 _c13460939 |
||
| 100 | _a20250324d2025 u y0rusy50 ca | ||
| 101 | 0 | _arus | |
| 102 | _aRU | ||
| 105 | _aа z 000zy | ||
| 181 | 0 |
_ai _baxxe |
|
| 182 | 0 | _an | |
| 200 | 1 |
_aПути повышения долговечности деталей машин _fА. Ю. Албагачиев, А. Б. Мухтарова |
|
| 203 |
_aТекст _bвизуальный _cнепосредственный |
||
| 210 |
_aМосква _cСпектр _d2025 (печ. 2024) |
||
| 215 |
_a207 с. _cил. _d21 |
||
| 320 | _aБиблиогр.: с. 197-207 (132 назв.) | ||
| 606 | 1 |
_aДетали машин _xДолговечность _xПовышение _2nlr_sh1 _2nlr_sh2 _3RU\NLR\AUTH\66344573 |
|
| 686 | 1 | _aК414 | |
| 700 | 1 |
_aАлбагачиев _bА. Ю. _f1941- _gАли Юсупович _3RU\NLR\AUTH\770141803 |
|
| 701 | 1 |
_aМухтарова _bА. Б. _gАйгерим Бауыржановна |
|
| 942 | _cBOOK | ||
| 980 | _aNB | ||